000 00938nam a22002415a 4500
003 OSt
005 20170502120650.0
008 160828s2007 ua frb 000 0 ara d
015 _22007 / 14186
020 _a9770452475
040 _aEG-ScBUE
_bara
_cEG-ScBUE
043 _af-ua---
082 0 4 _a342.62085
_bد س و
_222
100 1 _aدسوقي، أحمد عبد الحميد.
245 1 2 _aالحماية الموضوعية والإجرائية لحقوق الإنسان في مرحلة ما قبل المحكمة :
_bدراسة مقارنة /
_cأحمد عبد الحميد الدسوقي.
250 _aط. 1.
260 _aالقاهرة :
_bدار النهضة العربية،
_c2007.
300 _a570 ص. ؛
_c24 سم.
504 _aيشتمل على إرجاعات ببليوجرافية.
650 7 _2BUEsh
_aحقوق الإنسان
_xقوانين و تشريعات
_zمصر.
653 _bLLAAWW
_cMay2017
942 _2ddc
999 _c24760
_d24732